[Event "Andorra open"]
[Site "Escaldes"]
[Date "2023.07.25"]
[Round "4.19"]
[White "Krivenko, Dion"]
[Black "Martinez Lopez, Carlos"]
[Result "1-0"]
[WhiteElo "2250"]
[BlackElo "2016"]
[PlyCount "47"]
[EventDate "2023.07.22"]
[EventCountry "AND"]

1. e4 c5 2. Nf3 Nc6 3. Nc3 e5 4. Bb5 Nge7 5. O-O a6 6. Bxc6 Nxc6 7. Nd5 g6 8.
d4 exd4 9. Bg5 Be7 10. Nxe7 Nxe7 11. c3 d6 12. cxd4 Bg4 13. h3 Bxf3 14. Qxf3 h6
15. Bf6 O-O 16. Qf4 Kh7 17. Qh4 Re8 18. Bg5 h5 19. g4 Qd7 20. gxh5 Ng8 21.
hxg6+ Kxg6 22. Kh2 f6 23. Rg1 fxg5 24. Rxg5+ 1-0

[Event "Andorra open"]
[Site "Escaldes"]
[Date "2023.07.25"]
[Round "4.20"]
[White "Rodriguez Melendez, Juan Humbert"]
[Black "Ventura Bolet, Alexandre"]
[Result "1/2-1/2"]
[WhiteElo "2058"]
[BlackElo "2227"]
[PlyCount "92"]
[EventDate "2023.07.22"]
[EventCountry "AND"]

1. e4 Nf6 2. e5 Nd5 3. d4 d6 4. Nf3 dxe5 5. Nxe5 c6 6. Be2 Bf5 7. O-O Nd7 8.
Nf3 e6 9. a3 Bd6 10. c4 Nf4 11. Nc3 O-O 12. Re1 Nxe2+ 13. Qxe2 h6 14. Ne4 Bc7
15. Bd2 Nf6 16. Ng3 Bxg3 17. hxg3 Qb6 18. b4 Rfd8 19. a4 a5 20. bxa5 Qa6 21.
Bb4 Rd7 22. Qb2 Ne4 23. Ne5 Rdd8 24. g4 Bh7 25. Rac1 Qa7 26. Rcd1 f6 27. Nf3
Rab8 28. c5 Rd5 29. Bd2 Rbd8 30. Qb6 Qa6 31. Bb4 R8d7 32. Rc1 Kf7 33. Re3 Re7
34. Rce1 Ng5 35. Bc3 Nxf3+ 36. gxf3 Rdd7 37. Qb3 Rd5 38. f4 f5 39. f3 g5 40.
Bd2 gxf4 41. Re5 fxg4 42. fxg4 Qd3 43. Qxd3 Bxd3 44. Rxd5 exd5 45. Rxe7+ Kxe7
46. Kf2 Kf6 1/2-1/2

[Event "Andorra open"]
[Site "Escaldes"]
[Date "2023.07.26"]
[Round "5.1"]
[White "Roshka, Yevgeniy"]
[Black "Sumets, Andrey"]
[Result "1/2-1/2"]
[WhiteElo "2496"]
[BlackElo "2515"]
[PlyCount "30"]
[EventDate "2023.07.22"]
[EventCountry "AND"]

1. d4 d5 2. c4 e6 3. Nf3 Nf6 4. g3 Bb4+ 5. Bd2 Be7 6. Bg2 c6 7. Qc2 b6 8. O-O
O-O 9. cxd5 cxd5 10. Rc1 Bb7 11. Nc3 Nc6 12. Bf4 Rc8 13. Qd1 Nh5 14. Bd2 Nf6
15. Bf4 Nh5 1/2-1/2

[Event "Andorra open"]
[Site "Escaldes"]
[Date "2023.07.26"]
[Round "5.2"]
[White "Lubbe, Nikolas"]
[Black "Christiansen, Johan-Sebastian"]
[Result "1-0"]
[WhiteElo "2501"]
[BlackElo "2603"]
[PlyCount "103"]
[EventDate "2023.07.22"]
[EventCountry "AND"]

{[%evp 0,103,28,32,32,23,30,-21,40,39,11,14,53,48,76,62,63,55,32,2,4,1,-6,-7,
-18,-22,-29,-33,-33,-60,-60,-63,-19,-17,-53,-64,-56,-52,-60,-116,-62,-63,-87,
-138,-123,-109,-115,-118,-115,-121,-121,-141,-149,-169,-158,-186,-160,-200,
-185,-191,-147,-218,-166,-155,-163,-171,-144,-160,-133,-126,-126,-126,-177,
-180,-110,-125,-155,-180,-117,-193,-195,-209,-226,-226,-233,-260,205,216,207,
188,233,233,233,233,233,199,171,231,246,254,242,283,328,332,351,371]} 1. d4 Nf6
2. Nf3 d5 3. c4 c6 4. e3 Bf5 5. Nc3 a6 6. Qb3 b5 7. cxd5 cxd5 8. Nh4 Bc8 9. Bd3
Nc6 10. Nf3 e6 11. O-O Bb7 12. a3 Bd6 13. Qc2 Rc8 14. Qe2 Na5 15. Nd2 e5 16. e4
O-O 17. Nxd5 Nxd5 18. exd5 exd4 19. Ne4 Bxd5 20. Nxd6 Qxd6 21. Qh5 g6 22. Qh4
Nb3 23. Bh6 Rfe8 24. Rad1 Bc4 25. Bg5 Re6 26. Bf4 Qd5 27. Bh6 Rce8 28. f3 f6
29. Be4 Qd8 30. Bd3 Qb6 31. h3 a5 32. Rfe1 Bxd3 33. Rxe6 Qxe6 34. Rxd3 a4 35.
Rd1 g5 36. Qg3 Qe5 37. Qg4 Qe6 38. Qg3 Kf7 39. h4 Qe3+ 40. Kh1 Kg6 41. hxg5
fxg5 42. Qh3 g4 43. Qxg4+ Kxh6 44. f4 Rg8 45. Qxg8 Qxf4 46. Qe6+ Kg7 47. Re1
Qh6+ 48. Kg1 Qxe6 49. Rxe6 Kf7 50. Rb6 d3 51. Kf2 Ke7 52. Ke1 1-0

[Event "Andorra open"]
[Site "Escaldes"]
[Date "2023.07.26"]
[Round "5.3"]
[White "Galperin, Platon"]
[Black "Kogan, Arthur"]
[Result "1-0"]
[WhiteElo "2566"]
[BlackElo "2482"]
[PlyCount "57"]
[EventDate "2023.07.22"]
[EventCountry "AND"]

1. Nf3 d5 2. g3 g6 3. c4 dxc4 4. Na3 Bg7 5. Nxc4 Be6 6. Qb3 Qd5 7. d3 Nc6 8.
Bg2 Nd4 9. Qd1 O-O-O 10. O-O Qh5 11. Nxd4 Bxd4 12. Qc2 Bd5 13. Bf4 Bxg2 14.
Kxg2 e5 15. Rac1 c6 16. g4 Qxg4+ 17. Bg3 f6 18. e3 Bb6 19. Qa4 Qe6 20. d4 Ne7
21. dxe5 fxe5 22. Nxe5 a6 23. Rfd1 Bc7 24. Nd3 Qd5+ 25. e4 Qg5 26. Nc5 Bxg3 27.
hxg3 Rxd1 28. Qxd1 Rd8 29. Qxd8+ 1-0

[Event "Andorra open"]
[Site "Escaldes"]
[Date "2023.07.26"]
[Round "5.4"]
[White "Cuartas, Jaime Alexander"]
[Black "Zoler, Dan"]
[Result "1-0"]
[WhiteElo "2526"]
[BlackElo "2461"]
[PlyCount "99"]
[EventDate "2023.07.22"]
[EventCountry "AND"]

1. d4 Nf6 2. Nf3 b6 3. Bf4 g6 4. e3 Bg7 5. Be2 Bb7 6. a4 a5 7. h3 O-O 8. O-O d6
9. Bh2 Nbd7 10. Nc3 e6 11. Bd3 Qe7 12. e4 e5 13. Re1 Rfd8 14. Bc4 exd4 15. Nxd4
Nc5 16. Bb5 Qf8 17. Nc6 Bxc6 18. Bxc6 Rac8 19. Nb5 Nfd7 20. Na7 Rb8 21. c3 Nf6
22. Qc2 Ncd7 23. Rad1 Nc5 24. Kh1 h5 25. f4 Ne6 26. Rf1 Nc5 27. b4 axb4 28.
cxb4 Ne6 29. f5 gxf5 30. Rxf5 Qe7 31. Bg1 Nf8 32. Bd5 c5 33. Nc6 Qe8 34. Nxb8
Rxb8 35. b5 Rd8 36. Bh2 Qe7 37. e5 dxe5 38. Rxe5 Ne6 39. Bc4 Nd7 40. Rxh5 Nd4
41. Qf2 Nf6 42. Rh4 Nd5 43. Re1 Qd7 44. Rg4 Kf8 45. Be5 Ne6 46. Bxg7+ Nxg7 47.
Qh4 Ne6 48. Bxd5 Qxd5 49. Rxe6 fxe6 50. Qf6+ 1-0

[Event "Andorra open"]
[Site "Escaldes"]
[Date "2023.07.26"]
[Round "5.5"]
[White "Almeida Quintana, Omar"]
[Black "Bilych, Olexiy"]
[Result "0-1"]
[WhiteElo "2508"]
[BlackElo "2437"]
[PlyCount "64"]
[EventDate "2023.07.22"]
[EventCountry "AND"]

1. d4 d5 2. c4 c6 3. Nf3 Nf6 4. Nc3 e6 5. Qb3 dxc4 6. Qxc4 b5 7. Qd3 Bb7 8. e4
b4 9. Na4 Qa5 10. b3 c5 11. d5 exd5 12. exd5 Bd6 13. Bb2 Nbd7 14. O-O-O O-O 15.
Qf5 c4 16. Bxc4 Rfc8 17. Rd4 Ba6 18. Nd2 Be5 19. Rh4 Qxd5 20. Qf3 Bxb2+ 21.
Nxb2 Qa5 22. Kb1 Ne5 23. Qh3 Bb7 24. Re1 Rd8 25. Bd3 Nxd3 26. Nxd3 Bc8 27. Qf3
Bf5 28. Nc4 Qd5 29. Qxd5 Rxd5 30. Ne3 Bxd3+ 31. Kb2 Rb5 32. Rd4 Bf5 0-1

[Event "Andorra open"]
[Site "Escaldes"]
[Date "2023.07.26"]
[Round "5.6"]
[White "Lever, Erwan"]
[Black "Rasmussen, Allan Stig"]
[Result "0-1"]
[WhiteElo "2252"]
[BlackElo "2531"]
[PlyCount "56"]
[EventDate "2023.07.22"]
[EventCountry "AND"]

1. d4 d6 2. Nf3 f5 3. g3 Nf6 4. Bg2 g6 5. O-O Bg7 6. b3 O-O 7. Bb2 c6 8. c4 Na6
9. Nc3 Qa5 10. Qd2 e5 11. Rad1 Re8 12. a3 Qc7 13. dxe5 dxe5 14. b4 Be6 15. Nxe5
Qxe5 16. Nd5 Ne4 17. Bxe5 Nxd2 18. Bxg7 Kxg7 19. Rxd2 cxd5 20. cxd5 Rad8 21.
Rc1 Re7 22. d6 Rf7 23. b5 Nb8 24. a4 b6 25. Rc7 Kf6 26. Bc6 Rc8 27. Rxc8 Bxc8
28. Bd5 Be6 0-1

[Event "Andorra open"]
[Site "Escaldes"]
[Date "2023.07.26"]
[Round "5.7"]
[White "Ventura Bolet, Maxim"]
[Black "Miranda Mesa, Elier"]
[Result "1/2-1/2"]
[WhiteElo "2204"]
[BlackElo "2503"]
[PlyCount "72"]
[EventDate "2023.07.22"]
[EventCountry "AND"]

1. Nf3 d5 2. e3 Nf6 3. c4 c6 4. Nc3 a6 5. Qc2 g6 6. d4 Bg7 7. Bd3 O-O 8. O-O
Bg4 9. Ne5 Be6 10. c5 Nbd7 11. Nxd7 Bxd7 12. Bd2 Ng4 13. h3 Nh6 14. b4 Bf5 15.
Rab1 Bxd3 16. Qxd3 Nf5 17. a4 Re8 18. b5 axb5 19. axb5 e5 20. Ne2 exd4 21. Nxd4
Bxd4 22. exd4 Re4 23. Bc3 Qf6 24. bxc6 bxc6 25. Rb6 Rae8 26. Qa6 R4e6 27. Qd3
h5 28. Rfb1 Qg5 29. Rb8 Rxb8 30. Rxb8+ Kg7 31. Bd2 Qe7 32. Qa6 Nxd4 33. Qc8
Re1+ 34. Bxe1 Qxe1+ 35. Kh2 Nf3+ 36. gxf3 Qxf2+ 1/2-1/2

[Event "Andorra open"]
[Site "Escaldes"]
[Date "2023.07.26"]
[Round "5.8"]
[White "Arizmendi Martinez, Julen Luis"]
[Black "Ribera Veganzones, Serni"]
[Result "1-0"]
[WhiteElo "2501"]
[BlackElo "2259"]
[PlyCount "149"]
[EventDate "2023.07.22"]
[EventCountry "AND"]

1. e4 c6 2. d4 d5 3. e5 c5 4. dxc5 e6 5. c3 Bxc5 6. Qg4 g6 7. Nf3 h5 8. Qf4 Nc6
9. Bd3 Nh6 10. b4 Be7 11. b5 Na5 12. Ba3 Bd7 13. Bb4 a6 14. Na3 axb5 15. Nxb5
Bxb5 16. Bxb5+ Nc6 17. Nd4 Rc8 18. O-O Nf5 19. Nxf5 gxf5 20. Bxe7 Qxe7 21. c4
dxc4 22. Rfc1 Rg8 23. Rxc4 Rg4 24. Qc1 Rxc4 25. Qxc4 Qc7 26. Qf4 Rd8 27. Re1
Rd5 28. Bxc6+ Qxc6 29. h3 Rc5 30. Rd1 Rd5 31. Rc1 Rc5 32. Re1 Rc2 33. Rd1 Rc5
34. Rd6 Qe4 35. Qg3 Rc1+ 36. Kh2 Rc8 37. Qg8+ Ke7 38. Qg5+ Ke8 39. f4 Kf8 40.
Qh6+ Ke8 41. Rd1 Qa4 42. Qh8+ Ke7 43. Qf6+ Ke8 44. Qh8+ Ke7 45. Qxc8 Qxd1 46.
Qxb7+ Kf8 47. Qa8+ Ke7 48. Qa3+ Ke8 49. Qf3 Qa4 50. h4 Kf8 51. Kg3 Qxa2 52.
Qxh5 Kg7 53. Qg5+ Kh7 54. Qf6 Qa3+ 55. Kh2 Qf8 56. h5 Qg8 57. g3 Qf8 58. g4
fxg4 59. Kg3 Qg8 60. Qe7 Kh6 61. Kh4 Kh7 62. Qg5 Qa8 63. Qf6 Kg8 64. h6 Qf8 65.
Kxg4 Kh7 66. Kh5 Qg8 67. Qg5 Qf8 68. f5 exf5 69. Qxf5+ Kg8 70. Qg4+ Kh7 71. Qg5
Kh8 72. Qf6+ Kh7 73. Qf5+ Kg8 74. e6 fxe6 75. h7+ 1-0

[Event "Andorra open"]
[Site "Escaldes"]
[Date "2023.07.26"]
[Round "5.9"]
[White "Shyaamnikhil, P."]
[Black "Krivenko, Dion"]
[Result "1/2-1/2"]
[WhiteElo "2473"]
[BlackElo "2250"]
[PlyCount "80"]
[EventDate "2023.07.22"]
[EventCountry "AND"]

1. Nf3 Nf6 2. g3 g6 3. Bg2 Bg7 4. O-O O-O 5. d4 d6 6. a4 Na6 7. a5 c5 8. c3 Bf5
9. Nbd2 d5 10. dxc5 Nxc5 11. Nb3 Nce4 12. Nfd4 Bd7 13. f3 Nd6 14. Nc5 Rc8 15.
Nxd7 Qxd7 16. a6 e5 17. Nc2 Nc4 18. b3 Nb6 19. Bb2 bxa6 20. Qd3 Qb5 21. Nb4 d4
22. Qxb5 axb5 23. cxd4 exd4 24. f4 Ng4 25. Nc6 Rce8 26. Rxa7 Ne3 27. Ba3 b4 28.
Bxb4 Nbd5 29. Bxd5 Nxd5 30. Ne7+ Nxe7 31. Rxe7 Rxe7 32. Bxe7 Re8 33. Bc5 Rxe2
34. Rb1 d3 35. Rd1 Rc2 36. b4 d2 37. Kf1 Bf8 38. Bxf8 Kxf8 39. Ke2 Rb2 40. Rxd2
Rxb4 1/2-1/2

[Event "Andorra open"]
[Site "Escaldes"]
[Date "2023.07.26"]
[Round "5.10"]
[White "Lopez Martinez, Josep Manuel"]
[Black "Ribera Veganzones, Josep Maria"]
[Result "1-0"]
[WhiteElo "2458"]
[BlackElo "2189"]
[PlyCount "125"]
[EventDate "2023.07.22"]
[EventCountry "AND"]

1. e4 c5 2. Nf3 Nc6 3. Nc3 e5 4. Bc4 d6 5. d3 Be7 6. a3 Nf6 7. Bg5 O-O 8. Bxf6
Bxf6 9. O-O Be6 10. Nd5 Rb8 11. c3 g6 12. b4 b5 13. Ba2 Bg7 14. Nd2 Ne7 15. Re1
Qd7 16. h3 Kh8 17. Nxe7 Qxe7 18. a4 cxb4 19. cxb4 Bh6 20. Nf3 Rfc8 21. Bxe6
Qxe6 22. axb5 Rxb5 23. Rxa7 Rxb4 24. Qa1 Rb3 25. Qa6 Rb2 26. Rxf7 Kg8 27. Rf6
Qxf6 28. Qxc8+ Qf8 29. Qe6+ Kh8 30. Ra1 Qb8 31. Qf6+ Kg8 32. Rf1 Rb1 33. Nh2
Qb6 34. Qe6+ Kh8 35. g3 Rxf1+ 36. Nxf1 Qd4 37. Qc4 Qxc4 38. dxc4 Bc1 39. Kg2
Kg7 40. Kf3 Kf6 41. Ne3 Ke6 42. Nd5 Bd2 43. Ke2 Ba5 44. f4 Bd8 45. Kf3 exf4 46.
gxf4 Ba5 47. Kg4 Bd8 48. Nb4 h5+ 49. Kf3 Ba5 50. Nd3 Bb6 51. Ne1 Bd4 52. Nc2
Bb6 53. Ne3 Bd8 54. Ke2 Bb6 55. Kd3 Ba5 56. Ng2 Bd8 57. Ne1 Bb6 58. Nf3 Bf2 59.
Ng5+ Kd7 60. f5 Ke7 61. fxg6 Kf6 62. e5+ Kxg6 63. Ne4 1-0

[Event "Andorra open"]
[Site "Escaldes"]
[Date "2023.07.26"]
[Round "5.11"]
[White "Defromont, Benjamin"]
[Black "Pham Guerrero, Sergi"]
[Result "1-0"]
[WhiteElo "2445"]
[BlackElo "2071"]
[PlyCount "67"]
[EventDate "2023.07.22"]
[EventCountry "AND"]

1. e4 d6 2. d4 Nf6 3. Nc3 e5 4. Nf3 Nbd7 5. Bc4 Be7 6. O-O c6 7. a4 h6 8. Re1
Qc7 9. Ba2 Nf8 10. Be3 g5 11. dxe5 dxe5 12. Nxe5 Qxe5 13. Bd4 Qf4 14. e5 Ng4
15. g3 Qf5 16. h3 Nh2 17. g4 Nf3+ 18. Kf1 Nh2+ 19. Kg2 Nxg4 20. hxg4 Qxg4+ 21.
Qxg4 Bxg4 22. e6 f6 23. Ne4 O-O-O 24. Bc5 Ng6 25. Bxe7 Nxe7 26. Nxf6 Bf5 27.
Bb3 Rd2 28. Rad1 Rxd1 29. Rxd1 Rf8 30. Rd7 Ng6 31. Rf7 Rxf7 32. exf7 Nf8 33.
Ng8 h5 34. Ne7+ 1-0

[Event "Andorra open"]
[Site "Escaldes"]
[Date "2023.07.26"]
[Round "5.12"]
[White "Decuigniere, Tom"]
[Black "Ohler, Julius"]
[Result "1-0"]
[WhiteElo "2393"]
[BlackElo "2141"]
[PlyCount "87"]
[EventDate "2023.07.22"]
[EventCountry "AND"]

1. e4 c6 2. d4 d5 3. exd5 cxd5 4. Nf3 Nc6 5. Bb5 Nf6 6. O-O Bg4 7. h3 Bxf3 8.
Qxf3 Qb6 9. c4 e6 10. Nc3 Bb4 11. cxd5 Nxd5 12. Nxd5 exd5 13. Qxd5 O-O 14. Bxc6
bxc6 15. Qc4 Be7 16. b3 Bf6 17. Be3 Rfd8 18. Rfd1 h6 19. Rac1 Qa5 20. b4 Qa4
21. Qxc6 Qxb4 22. d5 Qd6 23. Qxd6 Rxd6 24. Rc5 Bd8 25. Rc6 Rd7 26. Ra6 Rb8 27.
a4 Bb6 28. Bf4 Rbd8 29. a5 Bc5 30. d6 g5 31. Be5 f6 32. Bxf6 Rxd6 33. Raxd6
Rxd6 34. Rxd6 Bxd6 35. a6 Kf7 36. Bd4 Bb8 37. Kf1 h5 38. Ke2 Ke6 39. g4 hxg4
40. hxg4 Kd5 41. Kd3 Kc6 42. Kc4 Kd6 43. Be3 Kc6 44. f3 1-0

[Event "Andorra open"]
[Site "Escaldes"]
[Date "2023.07.26"]
[Round "5.13"]
[White "Thakur, Akash"]
[Black "Vestby-Ellingsen, Mads"]
[Result "1/2-1/2"]
[WhiteElo "2193"]
[BlackElo "2358"]
[PlyCount "54"]
[EventDate "2023.07.22"]
[EventCountry "AND"]

1. e4 c5 2. Nf3 d6 3. d4 cxd4 4. Nxd4 Nf6 5. f3 e5 6. Nb3 d5 7. Bg5 d4 8. c3
Nc6 9. Bb5 Qb6 10. Bxc6+ bxc6 11. cxd4 Ba6 12. dxe5 Nd7 13. Qd4 c5 14. Qd5 Bb7
15. Qd2 Nxe5 16. O-O f6 17. Be3 Nc4 18. Qc3 Nxe3 19. Qxe3 c4 20. Qxb6 axb6 21.
N3d2 Bc5+ 22. Kh1 b5 23. Nc3 Bc6 24. a4 bxa4 25. Nxc4 O-O 26. Rfd1 Rfb8 27.
Rac1 Bf8 1/2-1/2

[Event "Andorra open"]
[Site "Escaldes"]
[Date "2023.07.26"]
[Round "5.14"]
[White "Ferey, Antonin"]
[Black "Romero Pallares, Daniel"]
[Result "1/2-1/2"]
[WhiteElo "2181"]
[BlackElo "2275"]
[PlyCount "72"]
[EventDate "2023.07.22"]
[EventCountry "AND"]

1. d4 d5 2. c4 e6 3. Nf3 Nf6 4. Nc3 h6 5. cxd5 exd5 6. Bf4 Bd6 7. Bxd6 Qxd6 8.
e3 O-O 9. Bd3 Bg4 10. h3 Bxf3 11. Qxf3 Re8 12. O-O c6 13. g4 Qe7 14. Qg2 Nbd7
15. Kh1 Nb6 16. Rg1 Ne4 17. Rae1 Qh4 18. Rgf1 h5 19. gxh5 Nf6 20. Rg1 Nxh5 21.
Ne2 Nd7 22. Nf4 Ndf6 23. Nxh5 Nxh5 24. Qf3 Nf6 25. Rg2 Ne4 26. Reg1 g6 27. Bxe4
Rxe4 28. Rg4 Rxg4 29. Rxg4 Qe7 30. Qf4 Kg7 31. Rh4 Rh8 32. Rxh8 Kxh8 33. Qb8+
Kg7 34. Qxa7 Qe4+ 35. Kg1 Qb1+ 36. Kg2 Qe4+ 1/2-1/2

[Event "Andorra open"]
[Site "Escaldes"]
[Date "2023.07.26"]
[Round "5.15"]
[White "Arpan, Das (Jr)"]
[Black "Hristodorescu, Daniel"]
[Result "1-0"]
[WhiteElo "2365"]
[BlackElo "2104"]
[PlyCount "61"]
[EventDate "2023.07.22"]
[EventCountry "AND"]

1. e4 e5 2. Nf3 Nc6 3. Bb5 a6 4. Ba4 Nf6 5. O-O Be7 6. Re1 b5 7. Bb3 d6 8. c3
O-O 9. h3 Na5 10. Bc2 c5 11. d4 Nd7 12. d5 Nb6 13. Nbd2 Bd7 14. b3 Nb7 15. c4
Bf6 16. Qe2 Qe8 17. Nf1 a5 18. cxb5 Bxb5 19. Bd3 Bxd3 20. Qxd3 c4 21. bxc4 Nc5
22. Qe3 Qa4 23. N1d2 Na6 24. Ba3 Nb4 25. Reb1 Rfc8 26. Bxb4 axb4 27. Rxb4 Nxd5
28. exd5 e4 29. Rxa4 Bc3 30. Rxa8 Rxa8 31. Rc1 1-0

[Event "Andorra open"]
[Site "Escaldes"]
[Date "2023.07.26"]
[Round "5.16"]
[White "Deshmukh, Anup"]
[Black "Lubbe, Melanie"]
[Result "1/2-1/2"]
[WhiteElo "2121"]
[BlackElo "2256"]
[PlyCount "76"]
[EventDate "2023.07.22"]
[EventCountry "AND"]

1. c4 Nf6 2. Nc3 g6 3. d4 Bg7 4. e4 d6 5. h3 Nc6 6. Nf3 e5 7. d5 Nd4 8. Nxd4
exd4 9. Qxd4 O-O 10. Be2 Re8 11. Qd3 Qe7 12. f3 Nh5 13. O-O f5 14. Bd2 Qh4 15.
Be1 Qg5 16. h4 Qe7 17. g3 f4 18. g4 Ng3 19. Bxg3 fxg3 20. Kg2 Qxh4 21. Rh1 Qg5
22. Nb5 Re7 23. c5 Be5 24. Rac1 a6 25. cxd6 cxd6 26. Nc7 Rb8 27. Rc2 h5 28.
gxh5 gxh5 29. f4 Qxf4 30. Rf1 Qh6 31. Ne6 Rxe6 32. Rxc8+ Rxc8 33. dxe6 Qxe6 34.
Bxh5 Rf8 35. Rxf8+ Kxf8 36. Qf3+ Ke7 37. b3 Qh6 38. Qf7+ Kd8 {Resto ilegible}
1/2-1/2

[Event "Andorra open"]
[Site "Escaldes"]
[Date "2023.07.26"]
[Round "5.17"]
[White "Ortega Lopez, Mikel"]
[Black "Martinez Martinez, Mateo"]
[Result "0-1"]
[WhiteElo "2240"]
[BlackElo "2093"]
[PlyCount "78"]
[EventDate "2023.07.22"]
[EventCountry "AND"]

1. e4 c5 2. Nf3 d6 3. d4 cxd4 4. Nxd4 Nf6 5. Nc3 a6 6. Be3 e5 7. Nb3 Be6 8. h3
Be7 9. Qf3 Nbd7 10. O-O-O O-O 11. g4 Ne8 12. Kb1 Nb6 13. Nd5 Nxd5 14. exd5 Bd7
15. Bd3 b5 16. h4 a5 17. Rdg1 b4 18. Nd2 Rb8 19. g5 Qc8 20. Qe4 f5 21. gxf6
Nxf6 22. Qg2 Rf7 23. Bg5 Bf5 24. Bxf6 Bxf6 25. Ne4 Be7 26. Qg3 a4 27. Ng5 Bxg5
28. hxg5 e4 29. g6 Bxg6 30. Qh4 exd3 31. Rxg6 Qxc2+ 32. Ka1 d2 33. Qxh7+ Kf8
34. Qh8+ Ke7 35. Re6+ Kd7 36. Rxd6+ Kc7 37. Rc6+ Qxc6 38. Qxb8+ Kxb8 39. dxc6
Re7 0-1

[Event "Andorra open"]
[Site "Escaldes"]
[Date "2023.07.26"]
[Round "5.18"]
[White "Ventura Bolet, Alexandre"]
[Black "Fernandez Rubio, Rafael"]
[Result "1-0"]
[WhiteElo "2227"]
[BlackElo "2065"]
[PlyCount "73"]
[EventDate "2023.07.22"]
[EventCountry "AND"]

1. Nf3 d5 2. e3 Nf6 3. c4 e6 4. b3 c5 5. Bb2 Be7 6. Nc3 O-O 7. cxd5 exd5 8. d4
Bg4 9. Be2 Nc6 10. dxc5 Bxc5 11. O-O Qd7 12. Rc1 Rfd8 13. Na4 Be7 14. Nc5 Qc7
15. Nd4 Bxe2 16. Qxe2 Nxd4 17. Bxd4 Rac8 18. Nd3 Qa5 19. Nf4 Rc6 20. Rxc6 bxc6
21. Rc1 c5 22. Ba1 Rd7 23. g3 h6 24. Rd1 Qd8 25. Qb5 Ne4 26. Nd3 f6 27. Nf4 Kh7
28. Qa4 Kh8 29. h4 f5 30. Ne6 Qc8 31. Nxg7 Bf6 32. Bxf6 Nxf6 33. Nxf5 Kh7 34.
Qf4 Qf8 35. g4 Rf7 36. Qxh6+ Qxh6 37. Nxh6 1-0

[Event "Andorra open"]
[Site "Escaldes"]
[Date "2023.07.26"]
[Round "5.19"]
[White "Palomo Teruel, Xavier"]
[Black "Alvarez Albiol, Victor"]
[Result "1/2-1/2"]
[WhiteElo "2096"]
[BlackElo "2214"]
[PlyCount "45"]
[EventDate "2023.07.22"]
[EventCountry "AND"]

1. d4 Nf6 2. c4 e6 3. Nf3 d5 4. g3 Bb4+ 5. Bd2 Be7 6. Bg2 O-O 7. O-O Nbd7 8.
Bc3 Ne4 9. a4 a5 10. Nbd2 f5 11. Nxe4 fxe4 12. Nd2 c6 13. e3 Bf6 14. Qb3 Qb6
15. Qxb6 Nxb6 16. b3 Re8 17. f3 exf3 18. Bxf3 e5 19. Bh5 Re7 20. dxe5 Bxe5 21.
Bxe5 Rxe5 22. Bf7+ Kh8 23. Bxd5 1/2-1/2

[Event "Andorra open"]
[Site "Escaldes"]
[Date "2023.07.26"]
[Round "5.20"]
[White "Nielsen, Andre"]
[Black "Rodriguez Melendez, Juan Humbert"]
[Result "1-0"]
[WhiteElo "2211"]
[BlackElo "2058"]
[PlyCount "69"]
[EventDate "2023.07.22"]
[EventCountry "AND"]

1. e4 c5 2. Nf3 e6 3. d4 cxd4 4. Nxd4 Nc6 5. Nc3 Qc7 6. Be2 a6 7. O-O Nf6 8.
Be3 Be7 9. f4 d6 10. Qe1 O-O 11. Qg3 Bd7 12. Kh1 b5 13. a3 Nxd4 14. Bxd4 Bc6
15. Rae1 Qb7 16. Bf3 Rfd8 17. Qf2 Rf8 18. e5 dxe5 19. fxe5 Nd5 20. Ne4 Qc7 21.
Bh5 Kh8 22. Qg3 Be8 23. c3 Qd8 24. Bc5 Rc8 25. Bxe7 Qxe7 26. Nd6 Rd8 27. Rf2 g6
28. Bf3 Bc6 29. Ne4 Kg7 30. Nf6 Ba8 31. Bxd5 Bxd5 32. Qh4 Rh8 33. Ref1 Rd7 34.
Qf4 Bc4 35. Nxd7 1-0

[Event "Andorra open"]
[Site "Escaldes"]
[Date "2023.07.27"]
[Round "6.2"]
[White "Bilych, Olexiy"]
[Black "Cuartas, Jaime Alexander"]
[Result "1-0"]
[WhiteElo "2437"]
[BlackElo "2526"]
[PlyCount "117"]
[EventDate "2023.07.22"]
[EventCountry "AND"]

1. d4 Nf6 2. c4 e6 3. Nc3 d5 4. cxd5 exd5 5. Bg5 c6 6. e3 Be7 7. Bd3 h6 8. Bh4
O-O 9. Qc2 Re8 10. Nge2 b5 11. O-O Na6 12. a3 Bd6 13. Bg3 Bxg3 14. Nxg3 Nc7 15.
Na2 Bb7 16. Nb4 Re6 17. Bf5 Rd6 18. Nd3 g6 19. Nc5 Bc8 20. Bxg6 fxg6 21. Qxg6+
Kh8 22. Qxh6+ Nh7 23. Qh5 Qg5 24. Qf7 Qg7 25. Qf4 Rh6 26. Nd3 Be6 27. Rac1 Rf8
28. Qe5 Bc8 29. Rc2 Bb7 30. Rfc1 Na6 31. Qxg7+ Kxg7 32. Ne5 Nb8 33. e4 dxe4 34.
d5 c5 35. Rxc5 Kg8 36. Rxb5 Ba6 37. Rb4 Rd6 38. Nxe4 Rxd5 39. Ng6 Re8 40. Rxb8
Rxb8 41. Ne7+ Kf8 42. Nxd5 Rxb2 43. h4 Bb7 44. Rc5 Rb3 45. a4 Rb1+ 46. Kh2 Bxd5
47. Rxd5 Rb4 48. Rd8+ Ke7 49. Rh8 Nf8 50. f3 Rxa4 51. Rh5 Ra2 52. Re5+ Kf7 53.
h5 a5 54. Rf5+ Kg8 55. Rg5+ Kf7 56. h6 Ne6 57. h7 Nxg5 58. h8=Q Nxf3+ 59. Kg3
1-0

[Event "Andorra open"]
[Site "Escaldes"]
[Date "2023.07.27"]
[Round "6.3"]
[White "Sumets, Andrey"]
[Black "Lubbe, Nikolas"]
[Result "1-0"]
[WhiteElo "2515"]
[BlackElo "2501"]
[PlyCount "81"]
[EventDate "2023.07.22"]
[EventCountry "AND"]

1. d4 d5 2. c4 e6 3. Nf3 Nf6 4. g3 Be7 5. Bg2 O-O 6. O-O c6 7. Qc2 b6 8. Rd1
Nbd7 9. b3 Re8 10. Bb2 h6 11. Nbd2 Bb7 12. Ne5 Rc8 13. e4 c5 14. exd5 exd5 15.
Qf5 Nf8 16. Nf1 cxd4 17. Bxd4 g6 18. Qh3 h5 19. Ne3 Rc7 20. cxd5 Bc8 21. g4 Bd6
22. Nc6 Rxc6 23. dxc6 Nxg4 24. Nd5 Nh7 25. c7 Qg5 26. f4 Qf5 27. Re1 Re6 28.
Qf3 Qc2 29. Qc3 Qxc3 30. Nxc3 Bxf4 31. Rxe6 Bxh2+ 32. Kh1 Bxe6 33. Nb5 a6 34.
Rc1 axb5 35. c8=Q+ Bxc8 36. Rxc8+ Nf8 37. Bxb6 Kg7 38. a4 bxa4 39. bxa4 Be5 40.
a5 Nd7 41. Ba7 1-0

[Event "Andorra open"]
[Site "Escaldes"]
[Date "2023.07.27"]
[Round "6.5"]
[White "Defromont, Benjamin"]
[Black "Arizmendi Martinez, Julen Luis"]
[Result "1/2-1/2"]
[WhiteElo "2445"]
[BlackElo "2501"]
[PlyCount "36"]
[EventDate "2023.07.22"]
[EventCountry "AND"]

1. d4 Nf6 2. Nf3 g6 3. c4 Bg7 4. Nc3 O-O 5. e4 d6 6. Be2 c5 7. d5 e6 8. O-O Re8
9. Nd2 Na6 10. f4 exd5 11. cxd5 c4 12. e5 dxe5 13. Nxc4 exf4 14. Bxf4 Ne4 15.
Nb5 Bd7 16. Nbd6 Nxd6 17. Nxd6 Qb6+ 18. Kh1 Qxb2 1/2-1/2

[Event "Andorra open"]
[Site "Escaldes"]
[Date "2023.07.27"]
[Round "6.6"]
[White "Miranda Mesa, Elier"]
[Black "Decuigniere, Tom"]
[Result "0-1"]
[WhiteElo "2503"]
[BlackElo "2393"]
[PlyCount "66"]
[EventDate "2023.07.22"]
[EventCountry "AND"]

1. e4 c6 2. d4 d5 3. e5 Bf5 4. Nf3 e6 5. Be2 c5 6. c3 Nc6 7. O-O cxd4 8. cxd4
Nge7 9. a3 Nc8 10. Be3 Be7 11. Nbd2 O-O 12. b4 Nb6 13. Ne1 f6 14. f4 fxe5 15.
fxe5 Rc8 16. Nd3 Bg5 17. Bf2 Nc4 18. Nxc4 dxc4 19. Nc5 c3 20. Bd3 Qd5 21. Bxf5
Rxf5 22. Qd3 b6 23. Ne4 Nxe5 24. Qa6 Rcf8 25. Nxc3 Qc6 26. Nd1 Ng4 27. Qe2 Nxf2
28. Nxf2 Bf6 29. Rad1 Qd5 30. Qe3 Rd8 31. Kh1 Bxd4 32. Qe2 Rdf8 33. Nd3 Qe4 0-1